Financial stability and payment systems report 2008.
| Corporate Author: | |
|---|---|
| Format: | Book |
| Published: |
Kuala Lumpur:
Bank Negara Malaysia,
2009.
|
| Subjects: |
| LEADER | 00552cam a2200169 7i4500 | ||
|---|---|---|---|
| 001 | 0000022897 | ||
| 005 | 20090615090000.0 | ||
| 022 | 0 | 0 | |a 1985-0409 |
| 090 | 0 | 0 | |a M 338.9 |b BAN |
| 110 | 2 | 0 | |a Bank Negara Malaysia |
| 245 | 2 | 0 | |a Financial stability and payment systems report 2008. |
| 260 | 0 | 0 | |a Kuala Lumpur: |b Bank Negara Malaysia, |c 2009. |
| 300 | # | # | |a [v.p]. |
| 650 | 0 | 0 | |a Bank Negara Malaysia -- |x Annual report |
| 651 | 0 | 0 | |a Malaysia |
| 999 | |a 0000024477 |b Book |c Malaysia |e Business Information Centre | ||
| 999 | |a 0000024476 |b Book |c Malaysia |e Business Information Centre | ||